000 00880nam a2200229Ii 4500
003 JO-AjNU
008 230605s9999||||xx |||||||||||||| ||und||
017 _a1998/9/1443
020 _a9957-11-009-8
040 _aJO-AjNU
_bara
_erda
_cJO-AjNU
041 _aara
050 1 4 _aHF5438.4.U2288 2003
100 3 _aتأليف عبيدات، محمد، م.مشارك هاني الضمور، شفيق حداد,
_eauthor
_957293
245 0 0 _aادارة المبيعات والبيع الشخصي
250 _aط3
264 3 1 _aعمان: دار وائل للنشر والتوزيع، 2003
300 _a319ص
_bيحتوي على ببلوغرافية من ص317-319ص
336 _atext
_btxt
_2rdacontent
337 _aunmediated
_bn
_2rdamedia
338 _avolume
_bnc
_2rdacarrier
650 4 _aالعلوم التطبيقية - ادارة المبيعات - البيع
_957294
999 _aA25664
_c29232
_d29232